[Event "Idaho Closed"]
[Site "Twin Falls, ID"]
[Date "2016.02.15"]
[Round "5.1"]
[White "Lucky, David"]
[Black "Buus, Jarod N"]
[Result "1-0"]
[WhiteElo "2381"]
[BlackElo "1720"]
[EventRounds "6"]
[EventCountry "USA"]

1. Nf3 c5 2. e4 d6 3. c3 Nf6 4. Be2 Nc6 5. d4 cxd4 6. cxd4 e6 7. Nc3 Be7 8.
O-O O-O 9. Bf4 a6 10. Rc1 Bd7 11. d5 exd5 12. exd5 Na7 13. Qb3 b5 14. Nd4 Rc8
15. Be3 Rc7 16. Nb1 Qb8 17. Rxc7 Qxc7 18. Rc1 Qb7 19. Bf3 Rc8 20. Rxc8+ Nxc8
21. Nc6 Bf8 22. Bd4 Ne8 23. Qe3 Nc7 24. Nd8 Qb8 25. Qf4 Be8 26. Bh5 f6 27.
Bxe8 Nxe8 28. Qg4 Ne7 29. Qe6+ {#r} 1-0

[Event "Idaho Closed"]
[Site "Twin Falls, ID"]
[Date "2016.02.15"]
[Round "5.8"]
[White "Reid, Clinton Morris"]
[Black "Glenn, John Dennis"]
[Result "0-1"]
[WhiteElo "1518"]
[BlackElo "1855"]
[EventRounds "6"]
[EventCountry "USA"]

1. d4 f5 2. e3 Nf6 3. Nf3 e6 4. Bd3 d5 5. b3 c6 6. O-O Bd6 7. Ba3 Bxa3 8. Nxa3
Qd6 9. Qc1 Nbd7 10. c4 Ne4 11. c5 Qe7 12. Nb1 O-O 13. Nbd2 e5 14. Nxe5 Nxe5
15. dxe5 Qxe5 16. Nf3 Qf6 17. b4 Bd7 18. a4 a6 19. Ra3 Rae8 20. Qa1 Qe7 21.
Qd4 f4 22. Re1 Bg4 23. Be2 Bxf3 24. Bxf3 Ng5 25. e4 Nxf3+ 26. Rxf3 dxe4 27. g3
exf3 28. Rxe7 Rxe7 29. h4 fxg3 30. fxg3 f2+ {#R} 0-1

[Event "ICA Spring Open (Open)"]
[Site "Pocatello, ID"]
[Date "2016.04.23"]
[Round "1.3"]
[White "Landon, Lloyd"]
[Black "Owen, Gary"]
[Result "0-1"]
[WhiteElo "1842"]
[BlackElo "1557"]
[EventRounds "4"]
[EventCountry "USA"]

1. c4 Nf6 2. Nc3 g6 3. d4 Bg7 4. Nf3 O-O 5. e4 d6 6. Be2 Nc6 7. h3 e5 8. d5
Ne7 9. O-O Bd7 10. Be3 Nh5 11. Qd2 f5 12. Bh6 f4 13. Bxg7 Kxg7 14. Nh2 Nf6 15.
Ng4 Bxg4 16. hxg4 g5 17. f3 h5 18. Kf2 hxg4 19. fxg4 Qd7 20. Qd1 Rh8 21. Bf3
Rh4 22. Qb3 b6 23. Rh1 Rah8 24. Rxh4 Rxh4 25. Qb5 Nxg4+ 26. Ke2 Qc8 27. Qa4
Ne3 28. g3 Rh2+ 29. Kd3 a6 30. gxf4 exf4 31. Rg1 Ng6 32. Rxg5 Kf6 33. Rh5 Ne5+
34. Rxe5 dxe5 35. Qc6+ Kf7 36. d6 Rh6 37. Qxc7+ Qxc7 38. dxc7 Rc6 39. Nd5 Nxd5
40. exd5 Rxc7 41. b3 Ke7 42. Ke4 Kd6 {#R} 0-1

[Event "ICA Spring Open (Open)"]
[Site "Pocatello, ID"]
[Date "2016.04.23"]
[Round "1.4"]
[White "Zaklan, David"]
[Black "Hawkins, Nicholas B"]
[Result "1-0"]
[WhiteElo "1473"]
[BlackElo "1823"]
[EventRounds "4"]
[EventCountry "USA"]

1. d4 d6 2. Nf3 Nf6 3. Bf4 g6 4. e3 Bg7 5. Nbd2 O-O 6. Be2 Nbd7 7. O-O c5 8.
c3 b6 9. Qc2 Bb7 10. Rad1 Nh5 11. Bg5 h6 12. Bh4 f5 13. Ne1 Nhf6 14. Bf3 Bxf3
15. Nexf3 Qc7 16. e4 g5 17. Bxg5 hxg5 18. Nxg5 Rfc8 19. Ne6 Qc6 20. d5 Qb7 21.
c4 fxe4 22. Nxe4 Nxe4 23. Qxe4 Nf8 24. Rd3 Qd7 25. Re1 Nxe6 26. dxe6 Qe8 27.
Rh3 Qc6 28. Qh7+ Kf8 29. Rf3+ Qxf3 30. gxf3 b5 31. Qf5+ Kg8 32. Qf7+ Kh8 33.
Qxe7 Rg8 34. Qh4+ Bh6+ 35. Kh1 Kh7 36. e7 Rae8 37. Qe4+ Rg6 38. cxb5 Bg5 39.
Rg1 Kh6 40. f4 Rxe7 41. fxg5+ {#r} 1-0

[Event "ICA Spring Open (Open)"]
[Site "Pocatello, ID"]
[Date "2016.04.23"]
[Round "2.4"]
[White "Deshpande, Nakul"]
[Black "Morrow, Hans M"]
[Result "0-1"]
[WhiteElo "1880"]
[BlackElo "1900"]
[EventRounds "4"]
[EventCountry "USA"]

1. d4 Nf6 2. c4 e6 3. Nc3 d5 4. Nf3 c6 5. e3 Nbd7 6. Bd3 h6 7. O-O Bd6 8. Re1
b6 9. e4 dxe4 10. Nxe4 Nxe4 11. Bxe4 Bb7 12. d5 cxd5 13. cxd5 e5 14. Bf5 O-O
15. b3 Re8 16. Bb2 f6 17. Be6+ Kh8 18. Nh4 Nf8 19. Bf5 Bc8 20. Bc2 Re7 21. Qd3
Qe8 22. Nf5 Bxf5 23. Qxf5 Qf7 24. Rad1 g6 25. Qh3 Kg7 26. Re3 Nh7 27. Rg3 Ng5
28. Qh4 e4 29. Re3 Rae8 30. Qg4 Kh7 31. h4 f5 32. Qe2 f4 33. Rc3 f3 34. Qf1
fxg2 35. Qxg2 Nf3+ 36. Rxf3 exf3 37. Qf1 Qf4 38. Bxg6+ Kxg6 39. h5+ Kh7 40.
Qd3+ Re4 41. Qc3 Qh2+ 42. Kf1 Qh1# 0-1

[Event "ICA Spring Open (Open)"]
[Site "Pocatello, ID"]
[Date "2016.04.23"]
[Round "2.6"]
[White "Hawkins, Nicholas B"]
[Black "Xu, Kevin"]
[Result "1-0"]
[WhiteElo "1823"]
[BlackElo "1372"]
[EventRounds "4"]
[EventCountry "USA"]

1. e4 d5 2. exd5 Nf6 3. Nf3 Nxd5 4. Bc4 Nc6 5. O-O Bg4 6. d4 e6 7. c3 Be7 8.
Nbd2 O-O 9. h3 Bh5 10. Bd3 Bd6 11. Ne4 Bf4 12. Bc2 Bxc1 13. Rxc1 Nf4 14. Ng3
Bxf3 15. Qxf3 Qf6 16. Be4 e5 17. Bxc6 bxc6 18. Ne4 Qf5 19. dxe5 Nxh3+ 20. Qxh3
Qxe4 21. Rfe1 Qd5 22. b3 Rfe8 23. Qg3 c5 24. Rcd1 Qc6 25. Qf4 a5 26. Qc4 Re6
27. Rd5 Rg6 28. Qxc5 Qb7 29. Red1 h6 30. g3 h5 31. Rd8+ Rxd8 32. Rxd8+ Kh7 33.
Qf8 Rg5 34. Qe7 Rf5 35. Rd4 Qf3 36. Rd2 Qxc3 37. Re2 Qc1+ 38. Kg2 Qc6+ 39. Kh2
Qf3 40. Qd7 Qg4 41. Qd3 Qg6 42. Qd4 Qh6 43. Re4 Qg6 44. Rh4 Qe6 45. Qe4 g6 46.
f4 Qb6 47. Kg2 Qe6 48. g4 Rf6 49. Rxh5+ Kg8 50. Qa8+ Kg7 51. Qh8# 1-0

[Event "ICA Spring Open (Open)"]
[Site "Pocatello, ID"]
[Date "2016.04.23"]
[Round "3.3"]
[White "Landon, Lloyd"]
[Black "Horsley, John"]
[Result "1-0"]
[WhiteElo "1842"]
[BlackElo "1352"]
[EventRounds "4"]
[EventCountry "USA"]

1. c4 Nf6 2. Nc3 d6 3. g3 g6 4. Bg2 Bg7 5. Nf3 c5 6. d4 cxd4 7. Nxd4 Qb6 8.
O-O O-O 9. e3 Bd7 10. Qb3 Qxb3 11. axb3 Nc6 12. Nc2 a6 13. e4 Ng4 14. Rd1 f5
15. h3 Nf6 16. exf5 Bxf5 17. Ne3 Bd7 18. c5 dxc5 19. Na4 Rad8 20. Nxc5 Bc8 21.
Bd2 Ne8 22. Bc3 Rxd1+ 23. Rxd1 Nd6 24. Bd5+ Kh8 25. Be6 Bxc3 26. bxc3 Bxe6 27.
Nxe6 Rf6 28. Nf4 Ne4 29. Ng4 Rf7 30. Rd7 g5 31. Nh5 Nd6 32. Ne3 Kg8 33. Nd5
Kf8 34. Nxe7 Nf5 35. Rxb7 Rxe7 36. Rb6 Na5 37. b4 Nc4 38. Rxa6 Kf7 39. Rf6+
{#r} 1-0

[Event "ICA Spring Open (Open)"]
[Site "Pocatello, ID"]
[Date "2016.04.23"]
[Round "3.4"]
[White "McCourt, Daniel"]
[Black "Hawkins, Nicholas B"]
[Result "0-1"]
[WhiteElo "1711"]
[BlackElo "1823"]
[EventRounds "4"]
[EventCountry "USA"]

1. e4 e6 2. d4 d5 3. Nc3 Bb4 4. e5 c5 5. a3 Bxc3+ 6. bxc3 Qc7 7. Qg4 Ne7 8.
Qxg7 Rg8 9. Qxh7 cxd4 10. Ne2 dxc3 11. f4 b6 12. g3 Ba6 13. Nd4 Bxf1 14. Rxf1
Qc4 15. Be3 Na6 16. Qd3 Qxd3 17. cxd3 Nc5 18. Ke2 Kd7 19. Nb5 Na4 20. Nd6 f5
21. exf6 Kxd6 22. fxe7 Kxe7 23. Rac1 b5 24. Bd4 Rgc8 25. f5 a5 26. fxe6 b4 27.
axb4 axb4 28. Rf7+ Kxe6 29. Rb7 Rab8 30. Rxb8 Rxb8 31. Ra1 b3 32. Kd1 Rb4 33.
Bh8 d4 34. Bg7 c2+ {#R} 0-1

[Event "ICA Spring Open (Open)"]
[Site "Pocatello, ID"]
[Date "2016.04.23"]
[Round "4.1"]
[White "Morrow, Hans M"]
[Black "McLaughlin, Edward J"]
[Result "1-0"]
[WhiteElo "1900"]
[BlackElo "1700"]
[EventRounds "4"]
[EventCountry "USA"]

1. c4 Nf6 2. d4 g6 3. Nf3 Bg7 4. Nc3 d5 5. cxd5 Nxd5 6. e4 Nxc3 7. bxc3 O-O 8.
Be2 c5 9. O-O Nc6 10. Be3 cxd4 11. cxd4 Bg4 12. e5 b6 13. h3 Bf5 14. Rc1 Nb4
15. Qb3 Nd5 16. Rfd1 Rc8 17. Rxc8 Bxc8 18. Nd2 Nxe3 19. Qxe3 Bb7 20. Ne4 Qd7
21. Nc3 Rc8 22. Bg4 Qc6 23. Bf3 Qxc3 24. Qxc3 Rxc3 25. Bxb7 Rc2 26. Bd5 e6 27.
Bb3 Rc8 28. f4 Bh6 29. g3 g5 30. f5 Rc6 31. fxe6 fxe6 32. d5 Rc8 33. d6 Kf7
34. Rf1+ Ke8 35. Rf6 Bg7 36. Rxe6+ Kd8 37. Ba4 Rc1+ 38. Kg2 Kc8 39. Re8+ Kb7
40. Re7+ Rc7 41. Rxc7+ {#r} 1-0

[Event "ICA Spring Open (Open)"]
[Site "Pocatello, ID"]
[Date "2016.04.23"]
[Round "4.3"]
[White "Hawkins, Nicholas B"]
[Black "Owen, Gary"]
[Result "1-0"]
[WhiteElo "1823"]
[BlackElo "1557"]
[EventRounds "4"]
[EventCountry "USA"]

1. e4 e5 2. Nc3 Nf6 3. f4 d6 4. fxe5 dxe5 5. Nf3 Bd6 6. Bc4 O-O 7. d3 Nc6 8.
a3 h6 9. Be3 Bg4 10. Qd2 Qd7 11. O-O-O a6 12. h3 Be6 13. Bxe6 Qxe6 14. g4 Nh7
15. Rdf1 b5 16. Nd5 a5 17. Nh4 b4 18. a4 Nd4 19. Bxd4 exd4 20. b3 c6 21. Nb6
Rab8 22. Nc4 Be7 23. Qf2 Bg5+ 24. Kb1 Bxh4 25. Qxh4 Ng5 26. Nxa5 Qd6 27. Nc4
Qd7 28. Qg3 Rfd8 29. h4 Ne6 30. a5 Kh8 31. Ne5 {#r} 1-0

[Event "ICA Spring Open (Open)"]
[Site "Pocatello, ID"]
[Date "2016.04.23"]
[Round "4.5"]
[White "Deshpande, Nakul"]
[Black "Horsley, John"]
[Result "0-1"]
[WhiteElo "1880"]
[BlackElo "1352"]
[EventRounds "4"]
[EventCountry "USA"]

1. d4 Nf6 2. c4 d6 3. Nf3 g6 4. g3 Bg7 5. Bg2 O-O 6. O-O c5 7. Nc3 cxd4 8.
Nxd4 a6 9. h3 Qc7 10. b3 Nc6 11. Be3 Be6 12. Rc1 Nxd4 13. Bxd4 Rac8 14. Nd5
Nxd5 15. Bxg7 Kxg7 16. cxd5 Qxc1 17. Qd4+ Kg8 18. Rxc1 Rxc1+ 19. Kh2 Bd7 20.
Qe3 Rc2 21. Qxe7 Re8 22. Qxd7 Rexe2 23. Qd8+ Kg7 24. Qxd6 Rxf2 25. Qe5+ Kf8
26. Qb8+ Kg7 27. Qe5+ Kf8 28. h4 Rxg2+ 29. Kh3 h5 30. Qb8+ Kg7 31. Qe5+ Kh7
{#R} 0-1

[Event "Idaho Open"]
[Site "Boise, ID"]
[Date "2016.06.18"]
[Round "1.1"]
[White "Lucky, David"]
[Black "Zaklan, David"]
[Result "1-0"]
[WhiteElo "2384"]
[BlackElo "1510"]
[EventRounds "5"]
[EventCountry "USA"]

1. e4 e5 2. Nf3 Nc6 3. d4 d6 4. Bb5 a6 5. Bxc6+ bxc6 6. dxe5 d5 7. Nc3 g6 8.
exd5 Bg7 9. Bg5 f6 10. exf6 Bxf6 11. Qe2+ Kf7 12. Bxf6 Nxf6 13. Ne5+ Kg7 14.
Nxc6 Qd6 15. O-O-O Re8 16. Qc4 Bf5 17. Qd4 Bd7 18. f3 Bxc6 19. dxc6 Qxc6 20.
Ne4 Re6 21. Rhe1 Rae8 22. Nxf6 Rxf6 23. Qd7+ Qxd7 24. Rxd7+ Kf8 25. Rxe8+ Kxe8
26. Rxc7 h6 27. c4 Kd8 28. Rh7 h5 29. Kc2 Re6 30. Kd3 Rd6+ 31. Kc3 Re6 32. g3
Re3+ 33. Kd4 Rxf3 34. Rg7 Rf2 35. Kc3 Rf3+ 36. Kb4 Rf2 37. Ka3 Rf3+ 38. b3 Rf6
39. Kb4 Rf2 40. a4 Rf6 41. Ka5 Kc8 42. Ra7 Rf5+ 43. Kxa6 Rf6+ 44. Kb5 Kb8 45.
Rg7 Rf3 46. b4 Rf5+ 47. c5 Rf6 48. c6 Kc8 49. Kb6 Kd8 50. Kb7 {#r} 1-0

[Event "Idaho Open"]
[Site "Boise, ID"]
[Date "2016.06.18"]
[Round "1.3"]
[White "Gorman, Cody"]
[Black "Nyblade, Wesley"]
[Result "1-0"]
[WhiteElo "1873"]
[BlackElo "1481"]
[EventRounds "5"]
[EventCountry "USA"]

1. d4 Nf6 2. c4 g6 3. g3 Bg7 4. Bg2 O-O 5. Nf3 d6 6. Nc3 Nbd7 7. O-O c5 8. d5
Re8 9. e4 Ng4 10. h3 Nge5 11. Nd2 Nb6 12. Qe2 e6 13. f4 Ned7 14. dxe6 fxe6 15.
Qd3 Bd4+ 16. Kh2 Nb8 17. Nf3 Nc6 18. Nxd4 Nxd4 19. Be3 e5 20. f5 gxf5 21. exf5
Rf8 22. g4 Qe7 23. Nd5 Nxd5 24. Bxd5+ Kh8 25. Qd2 e4 26. Bxd4+ cxd4 27. Qxd4+
Qe5+ 28. Qxe5+ dxe5 29. Rae1 Rb8 30. Rxe4 {#r} 1-0

[Event "Idaho Open"]
[Site "Boise, ID"]
[Date "2016.06.18"]
[Round "1.4"]
[White "Lang, Jamie"]
[Black "Hawkins, Nicholas B"]
[Result "0-1"]
[WhiteElo "1448"]
[BlackElo "1840"]
[EventRounds "5"]
[EventCountry "USA"]

1. e4 e6 2. Nc3 d5 3. exd5 exd5 4. d4 Nf6 5. Nf3 Bg4 6. h3 Bh5 7. Be2 Bb4 8.
O-O O-O 9. Bg5 c6 10. a3 Be7 11. Ne5 Bxe2 12. Nxe2 Nbd7 13. Nxd7 Qxd7 14. Ng3
h6 15. Bd2 Bd6 16. Bb4 Bxb4 17. axb4 Ne8 18. b3 Nd6 19. Qd3 Nb5 20. c4 dxc4
21. bxc4 Qxd4 22. Qxd4 Nxd4 23. Ra2 Rfd8 24. Ne4 Ne6 25. Nd2 Rd4 26. Rc1 Rad8
27. Nb3 Rd1+ 28. Rxd1 Rxd1+ 29. Kh2 Rb1 30. Ra3 a6 31. Kg3 f5 32. Kf3 Rxb3+
{#R} 0-1

[Event "Idaho Open"]
[Site "Boise, ID"]
[Date "2016.06.18"]
[Round "2.1"]
[White "Casey, Garrett Wallace"]
[Black "Lucky, David"]
[Result "0-1"]
[WhiteElo "1701"]
[BlackElo "2384"]
[EventRounds "5"]
[EventCountry "USA"]

1. e4 e6 2. d4 d5 3. exd5 exd5 4. c4 Nf6 5. Nc3 Bb4 6. Bg5 O-O 7. Bd3 Nc6 8.
Nge2 dxc4 9. Bxc4 h6 10. Bh4 Bd6 11. O-O Bxh2+ 12. Kh1 Bd6 13. Nb5 Be7 14. Bg3
Ne8 15. Nf4 a6 16. Nc3 Nd6 17. Bd5 Bf5 18. Qh5 Kh7 19. Bxc6 bxc6 20. d5 c5 21.
Qf3 Qd7 22. Nd3 Nc4 23. Ne5 Nxe5 24. Bxe5 Bd6 25. Bxd6 cxd6 26. Rfe1 Rfe8 27.
Re2 c4 28. Qf4 Bd3 29. Re3 Rxe3 30. Qxe3 Re8 31. Qf3 Re5 32. Kh2 Qe7 33. g3
Rf5 34. Qg2 Qb7 35. g4 Qxb2 36. gxf5 Qxa1 37. Ne4 Qe5+ 38. Ng3 Bxf5 {#R} 0-1

[Event "Idaho Open"]
[Site "Boise, ID"]
[Date "2016.06.18"]
[Round "2.3"]
[White "Hawkins, Nicholas B"]
[Black "Buus, Jarod N"]
[Result "0-1"]
[WhiteElo "1840"]
[BlackElo "1741"]
[EventRounds "5"]
[EventCountry "USA"]

1. e4 c5 2. Nc3 a6 3. g3 Nc6 4. Bg2 g6 5. d3 Bg7 6. Be3 d6 7. f4 e6 8. Nf3 Qc7
9. O-O Nge7 10. Qd2 Nd4 11. Nd1 Bd7 12. c3 Nxf3+ 13. Bxf3 Bc6 14. d4 cxd4 15.
Bxd4 e5 16. Be3 O-O 17. g4 f5 18. gxf5 gxf5 19. Qg2 fxe4 20. Bxe4 d5 21. Bc2
d4 22. Qh3 d3 23. Bxd3 e4 24. Bc4+ Kh8 25. Be6 Rad8 26. f5 Bd5 27. Nf2 Bxe6
28. fxe6 Rf3 29. Qh5 Rxe3 30. Ng4 Rf3 31. Nh6 Qb6+ 32. Kh1 Bxh6 33. Qxh6 Ng6
34. Qg5 Rdf8 35. Rxf3 exf3 36. e7 Re8 37. Rf1 Rxe7 {#R} 0-1

[Event "Idaho Open"]
[Site "Boise, ID"]
[Date "2016.06.18"]
[Round "3.1"]
[White "Lucky, David"]
[Black "Buus, Jarod N"]
[Result "1-0"]
[WhiteElo "2384"]
[BlackElo "1741"]
[EventRounds "5"]
[EventCountry "USA"]

1. d4 d5 2. c4 c6 3. cxd5 cxd5 4. Nc3 Nf6 5. Nf3 Nc6 6. Bf4 Bf5 7. e3 a6 8.
Rc1 e6 9. Qb3 Na5 10. Qa4+ b5 11. Nxb5 axb5 12. Bxb5+ Nd7 13. O-O Nc6 14. Qxa8
Qxa8 15. Bxc6 Qa7 16. Ne5 f6 17. Bxd7+ Qxd7 18. Nxd7 Kxd7 19. Rc7+ {#r} 1-0

[Event "Idaho Open"]
[Site "Boise, ID"]
[Date "2016.06.18"]
[Round "3.2"]
[White "Gorman, Cody"]
[Black "Casey, Braxton Wallace"]
[Result "1-0"]
[WhiteElo "1873"]
[BlackElo "1576"]
[EventRounds "5"]
[EventCountry "USA"]

1. d4 e6 2. c4 f5 3. g3 Nf6 4. Bg2 Be7 5. Nf3 O-O 6. O-O a5 7. Nc3 d6 8. Qc2
Nc6 9. Rd1 Qe8 10. a3 e5 11. Nd5 Bd8 12. dxe5 dxe5 13. Bg5 Qf7 14. Be3 Rb8 15.
Ng5 Qh5 16. Nxf6+ Bxf6 17. Bd5+ Kh8 18. Ne6 Bxe6 19. Bxe6 f4 20. Bc5 Nd4 21.
Rxd4 exd4 22. Bxf8 Rxf8 23. gxf4 Re8 24. Qe4 Qg4+ 25. Bxg4 Rxe4 26. Bf3 Re8
27. Rd1 h6 28. Rd2 b6 29. Kg2 c5 30. Kg3 g6 31. Bd5 Kg7 32. Kf3 g5 33. e3
{(That's the last recorded move. Likely is that more happened but wasn't
recorded due to time pressure.--Jeffrey Roland.)} {#r} 1-0

[Event "Idaho Open"]
[Site "Boise, ID"]
[Date "2016.06.19"]
[Round "4.1"]
[White "Gorman, Cody"]
[Black "Lucky, David"]
[Result "0-1"]
[WhiteElo "1873"]
[BlackElo "2384"]
[EventRounds "5"]
[EventCountry "USA"]

1. d4 Nf6 2. c4 e6 3. g3 Bb4+ 4. Bd2 Qe7 5. Bg2 Nc6 6. Nf3 Bxd2+ 7. Nbxd2 d6
8. O-O O-O 9. e4 e5 10. d5 Nb8 11. Ne1 a5 12. Nd3 Na6 13. a3 Bg4 14. f3 Bd7
15. b4 c6 16. Qb3 cxd5 17. cxd5 Bb5 18. Nc4 axb4 19. axb4 Qc7 20. Ndb2 Rfc8
21. Rfc1 Bxc4 22. Nxc4 b5 23. Na5 Qxc1+ 24. Rxc1 Rxc1+ 25. Kf2 Ra1 26. Bf1
Nxb4 27. Qxb4 R8xa5 28. Bxb5 R5a2+ 29. Be2 h6 30. Ke3 Kh7 31. Bc4 Ra4 32. Qb5
R4a3+ 33. Kf2 Rc3 34. Qb2 Rac1 35. Be2 R1c2 36. Qb4 Rd3 37. Ke1 Re3 38. Qxd6
Rexe2+ 39. Kd1 Red2+ 40. Ke1 Rxh2 41. Kd1 Ra2 {#R} 0-1

[Event "Idaho Open"]
[Site "Boise, ID"]
[Date "2016.06.19"]
[Round "5.1"]
[White "Lucky, David"]
[Black "Morrow, Hans M"]
[Result "1-0"]
[WhiteElo "2384"]
[BlackElo "1927"]
[EventRounds "5"]
[EventCountry "USA"]

1. e4 c5 2. Nf3 d6 3. c3 Nf6 4. Be2 Nc6 5. d4 cxd4 6. cxd4 Nxe4 7. d5 Qa5+ 8.
Nc3 Nxc3 9. bxc3 Ne5 10. Nxe5 Qxc3+ 11. Bd2 Qxe5 12. O-O Qxd5 13. Rb1 a6 14.
Bf3 Qf5 15. Rxb7 Bxb7 16. Bxb7 Rb8 17. Qa4+ {#r} 1-0

[Event "Idaho Blitz Chess Championship"]
[Site "Boise, ID"]
[Date "2016.07.16"]
[Round "3.1"]
[White "Lucky, FM David"]
[Black "Lang, Jamie"]
[Result "1-0"]
[WhiteElo "2378"]
[BlackElo "1307"]
[EventType "blitz"]
[EventRounds "8"]
[EventCountry "USA"]

1. e4 e5 2. Nf3 Nc6 3. d4 exd4 4. Nxd4 Bb4+ 5. c3 Ba5 6. Bc4 d6 7. Nxc6 bxc6
8. Qh5 d5 9. exd5 Qe7+ 10. Be3 Nf6 11. Qg5 cxd5 12. Bxd5 Nxd5 13. Qxd5 Bb6 14.
Qxa8 Bxe3 15. Qxc8+ Qd8 16. Qxd8+ Kxd8 17. fxe3 Re8 18. Ke2 Ke7 19. Na3 Kf8
20. Rad1 f6 21. Rd7 {#r} 1-0

[Event "Idaho Blitz Chess Championship"]
[Site "Boise, ID"]
[Date "2016.07.16"]
[Round "3.2"]
[White "Lang, Jamie"]
[Black "Lucky, FM David"]
[Result "0-1"]
[WhiteElo "1307"]
[BlackElo "2378"]
[EventType "blitz"]
[EventRounds "8"]
[EventCountry "USA"]

1. e4 e6 2. d4 d5 3. exd5 exd5 4. Nf3 Bd6 5. Nc3 c6 6. Bd3 Ne7 7. g3 Bg4 8.
Be2 O-O 9. Be3 Nf5 10. Qd2 Re8 11. O-O-O Nxe3 12. fxe3 Qe7 13. Rde1 Qxe3 14.
Qxe3 Rxe3 15. Rhf1 Nd7 16. Bd1 Rae8 17. Rxe3 Rxe3 18. Nd2 Nf6 19. Bxg4 Nxg4
20. Nd1 Re7 21. h3 Ne3 22. Nxe3 Rxe3 23. g4 Rxh3 24. c4 dxc4 25. Nxc4 Bc7 26.
Rg1 Rd3 27. Ne5 Rxd4 28. Nf3 Rd3 29. Ne1 Rg3 30. Rxg3 Bxg3 31. Nf3 g6 32. Kc2
h5 33. gxh5 gxh5 34. Kd3 Kg7 35. Ke4 Kg6 36. Ng1 f5+ 37. Kf3 Be5 38. b3 h4 39.
Nh3 c5 40. Nf2 b5 41. Nd3 Bd6 42. Nf2 c4 {#R} 0-1

[Event "Idaho Blitz Chess Championship"]
[Site "Boise, ID"]
[Date "2016.07.16"]
[Round "4.1"]
[White "Lucky, FM David"]
[Black "Gorman, Cody"]
[Result "1-0"]
[WhiteElo "2378"]
[BlackElo "1792"]
[EventType "blitz"]
[EventRounds "8"]
[EventCountry "USA"]

1. e4 e6 2. d4 b6 3. Nf3 Bb7 4. Bd3 Nf6 5. Nbd2 c5 6. c3 Nc6 7. e5 Nd5 8. Ne4
d6 9. Bg5 Qc7 10. exd6 Bxd6 11. dxc5 bxc5 12. O-O Be7 13. Qa4 Nb6 14. Qb5 a6
15. Qb3 Na5 16. Qa3 Nbc4 17. Bxc4 Nxc4 18. Qa4+ Qc6 19. Qxc4 Qxe4 20. Qxe4
Bxe4 21. Bxe7 Kxe7 22. Rfd1 Bxf3 23. gxf3 Rhd8 24. b3 Rxd1+ 25. Rxd1 Rd8 26.
Rxd8 Kxd8 27. Kf1 Kd7 28. Ke2 Kd6 29. Kd3 f5 30. Kc4 e5 31. b4 cxb4 32. cxb4
g5 33. a4 h5 34. b5 axb5+ 35. Kxb5 e4 36. fxe4 f4 37. Kc4 g4 38. Kd3 h4 39.
Ke2 Ke5 40. a5 g3 41. fxg3 fxg3 42. hxg3 Kxe4 43. gxh4 Kd5 44. h5 {#r} 1-0

[Event "Idaho Blitz Chess Championship"]
[Site "Boise, ID"]
[Date "2016.07.16"]
[Round "4.2"]
[White "Gorman, Cody"]
[Black "Lucky, FM David"]
[Result "0-1"]
[WhiteElo "1792"]
[BlackElo "2378"]
[EventType "blitz"]
[EventRounds "8"]
[EventCountry "USA"]

1. d4 d5 2. e4 e6 3. Be3 dxe4 4. Nd2 Nf6 5. c3 b6 6. f3 Bb7 7. fxe4 Nxe4 8.
Ngf3 Be7 9. Bd3 Nxd2 10. Bxd2 Nd7 11. O-O O-O 12. Qe1 c5 13. Qg3 cxd4 14. cxd4
Bf6 15. Bg5 Bxf3 16. Bxf6 Nxf6 17. Rxf3 Qxd4+ 18. Kh1 Rad8 19. Raf1 Rd5 20.
Bb1 Nh5 21. Qh3 g6 22. g4 Ng7 23. Qg3 Qe5 24. Qf2 Rd7 25. h4 Qd4 26. Qg3 h5
27. gxh5 Nxh5 28. Qxg6+ {(Time Forfeit)} {#R} 0-1